Normal view MARC view

Entry Personal Name

Number of records used in: 1

001 - CONTROL NUMBER

  • control field: 31973

003 - CONTROL NUMBER IDENTIFIER

  • control field: OSt

005 - DATE AND TIME OF LATEST TRANSACTION

  • control field: 20220714172343.0

008 - FIXED-LENGTH DATA ELEMENTS

  • fixed length control field: 220714|| aca||aabn | a|a d

040 ## - CATALOGING SOURCE

  • Original cataloging agency: OSt
  • Transcribing agency: OSt

100 ## - HEADING--PERSONAL NAME

  • Personal name: Boutyline, Andrei and Soter, Laura K.

670 ## - SOURCE DATA FOUND

  • Source citation: Work cat.: (OSt)519062: Boutyline, Andrei and Soter, Laura K. , Cultural schemas: What they are, how to find them, and what to do once you’ve caught one

Powered by Koha